000 00881nam a2200217 a 4500
001 BRCA_8840
005 20190320210431.0
008 120517s1768----sp-#######---#000-0#spa-#
041 _aspa
044 _asp
084 _aBE221
_b.G35 1768
100 1 _aGalindo, Gregorio
_922025
245 1 0 _aLas rubricas del missal romano reformado
_csu autor el ilustrissimo señor Don Gregorio Galindo; para que con más facilidad puedan instruir en ellas todos los eclesiásticos; se pone a lo ultimo algunas Notas, y Decretos tocantes al assumpto.
260 _aBarcelona
_bEn la Imprenta de María Angela Marti Viuda
_c1768
300 _aXXII, 288 p.
_c14 x 8.1 cm.
500 _aCon licencia de los superiores
500 _aEstado físico: presenta encuadernación en pergamino con presencia del pez de plata
650 1 4 _aIglesia católica
_915525
902 _aCFM
942 _2lcc
_cB
999 _c8491
_d8491